Populous UK Cities (A-Z) Quiz Stats

 Plays Quiz Updated Jan 29, 2020

     
Support Sporcle.
Go Orange.
Score 0/20 Timer 08:00
14 Plays Today
Letter City / Town % Correct
LLondon
98.7%
MManchester
93.7%
BBirmingham
92%
GGlasgow
80%
EEdinburgh
79.8%
AAberdeen
68%
CCoventry
63.8%
YYork
63.6%
NNottingham
60%
SSheffield
59.1%
Letter City / Town % Correct
OOxford
57.1%
PPortsmouth
49.4%
IIpswich
47.5%
DDerby
46.3%
KKingston-upon-Hull
45.6%
RReading
42.1%
WWolverhampton
40.5%
HHuddersfield
25.3%
TTelford
9.9%
FFilton
7.5%

From the Vault

Sports Teams with X-Y-Z

by Navarro2814

Sports 3m
We're not opposed to the idea of a sports team just called the 'x-rays'. Their uniforms would be awesome.
Remove Ads.
Support Sporcle.
Get the best of Sporcle when you Go Orange. This ad-free experience offers more features, more stats, and more fun while also helping to support Sporcle. Thank you for becoming a member.

Show Comments

Extras

Top Quizzes Today


Score Distribution

Your Account Isn't Verified!

In order to create a playlist on Sporcle, you need to verify the email address you used during registration. Go to your Sporcle Settings to finish the process.

Report this User

Report this user for behavior that violates our Community Guidelines.

Details: